Most Popular Chicago Streets - Statistics

General Stats
  • This quiz has been taken 138 times
  • The average score is 27 of 53
Answer Stats
Answer % Correct
Lake Street
83%
Clark Street
74%
Madison Street
74%
Addison Street
72%
State Street
72%
Michigan Avenue
71%
Lake Shore Drive
70%
Western Avenue
70%
Ashland Avenue
69%
Belmont Avenue
67%
Chicago Avenue
65%
Cicero Avenue
65%
Fullerton Avenue
65%
Pulaski Road
65%
North Avenue
63%
Damen Avenue
62%
Jackson Boulevard
60%
Milwaukee Avenue
60%
Montrose Avenue
60%
Cermak Road
58%
Diversey Parkway
58%
Division Street
58%
Halsted Street
58%
Irving Park Road/Route 19
57%
Armitage Avenue
56%
Roosevelt Road
56%
Grand Avenue
55%
Kedzie Avenue
55%
Wacker Drive
54%
LaSalle Street
52%
Garfield Boulevard/55th
51%
Harlem Avenue
47%
Lincoln Avenue
46%
Lawrence Avenue
45%
Sheridan/Sheffield Avenue
45%
Foster Avenue
44%
Archer Avenue
43%
Randolph Street
40%
Broadway
39%
Elston Avenue
39%
Devon Avenue
38%
Ogden Avenue
38%
Racine Avenue
34%
Dearborn Street
31%
Dr. Martin Luther King Jr. Drive
31%
Ohio Street
30%
Peterson/Caldwell Avenue
28%
Columbus Drive
27%
Ridge Avenue
27%
95th Street
26%
Pershing Road
25%
Ida B. Wells Drive
20%
Stony Island Avenue
4%
No matching quizzes found
Score Distribution
Percent of People with Each Score
Percentile by Number Answered
Your Score History
You have not taken this quiz